[Event "Grand Rapids (MI Am/3/28)"]
[Site "?"]
[Date "1995.??.??"]
[Round "?"]
[White "Nolan, M."]
[Black "Wright, Eric"]
[Result "0-1"]
[WhiteElo "1605"]
[BlackElo "1605"]
[PlyCount "68"]
[EventDate "1995.??.??"]

{3/(28)} 1. e4 d6 2. d4 Nf6 3. Nc3 c6 4. d5 Qa5 5. dxc6 bxc6 6. a3 Nxe4 7. Bd2
Qe5 8. Nxe4 Qxe4+ 9. Be2 Qxg2 10. Bf3 Qg6 11. Qe2 e5 12. b4 Be7 13. b5 Bb7 14.
bxc6 Nxc6 15. Qb5 e4 16. Bh5 Qg2 17. Qxb7 O-O 18. Qxc6 Qxh1 19. Ke2 Qxh2 20.
Bg4 f5 21. Qc4+ Kh8 22. Bc3 fxg4 23. Rf1 Bf6 24. Bxf6 Rxf6 25. Qxe4 Raf8 26.
Qe3 g3 27. Nh3 Qxh3 28. Ke1 Re6 29. Qxe6 Qxe6+ 30. Kd2 Rxf2+ 31. Rxf2 gxf2 32.
Kc3 f1=Q 33. Kb2 Qfc4 34. c3 Qb3+ 0-1

[Event "Grand Rapids (MI Am/4/34)"]
[Site "?"]
[Date "1995.??.??"]
[Round "?"]
[White "Nolan, M."]
[Black "Aldrich, Justin"]
[Result "0-1"]
[WhiteElo "1605"]
[BlackElo "1605"]
[PlyCount "120"]
[EventDate "1995.??.??"]

{4/(34)} 1. e4 e5 2. Nf3 d6 3. Bc4 Bg4 4. O-O Nc6 5. Bb5 Qd7 6. Nc3 a6 7. Bxc6
Qxc6 8. h3 Bh5 9. g4 Bg6 10. Qe2 Be7 11. d3 h5 12. g5 f6 13. d4 Qd7 14. Kh2
exd4 15. gxf6 Bxf6 16. e5 dxe5 17. Nxe5 Qd6 18. Bf4 Bf5 19. Ng6+ Qe6 20. Qxe6+
Bxe6 21. Nxh8 dxc3 22. bxc3 g5 23. Rae1 Bxh8 24. Rxe6+ Kf7 25. Re5 gxf4 26.
Rf5+ Kg6 27. Rxf4 Be5 28. Rg1+ Kh6 29. Kg3 Rf8 30. Rb1 Rxf4 31. Kg2 b6 32. Re1
Bd6 33. Re6+ Kg5 34. Re3 Ra4 35. Re8 Nf6 36. Re6 Rxa2 37. Re2 a5 38. Rd2 Ne4
39. Rd4 Nxc3 40. h4+ Kg6 41. Rd3 Rxc2 42. Kf3 Bc5 43. Rd7 Nb5 44. Kf4 Rxf2+ 45.
Ke4 Rh2 46. Ke5 Bd6+ 47. Ke6 Rxh4 48. Rxd6 Nxd6 49. Kd7 a4 50. Kc6 a3 51. Kxc7
a2 52. Kxd6 a1=Q 53. Kc6 Rd4 54. Kb5 Qa5+ 55. Kc6 b5 56. Kc5 Rd1 57. Kc6 b4 58.
Kb7 Rd6 59. Kb8 Qb6+ 60. Kc8 Rd8# 0-1

[Event "Grand Rapids (MI Am/1/26)"]
[Site "?"]
[Date "1995.??.??"]
[Round "?"]
[White "Nolan, Dan"]
[Black "Matias, I.C."]
[Result "0-1"]
[WhiteElo "1605"]
[BlackElo "1630"]
[PlyCount "60"]
[EventDate "1995.??.??"]

{1/(26)} 1. d4 Nf6 2. Nf3 e6 3. Nc3 d5 4. Bg5 Be7 5. e3 O-O 6. Bd3 c5 7. dxc5
Qa5 8. O-O Qxc5 9. Ne5 Nbd7 10. Nxd7 Bxd7 11. a3 e5 12. Bxf6 Bxf6 13. b4 Qxc3
14. e4 dxe4 15. Bxe4 Bc6 16. Bd3 e4 17. Be2 Qxa1 18. Qxa1 Bxa1 19. Rxa1 Ba4 20.
c4 Rfd8 21. g3 Rd2 22. Bg4 Rad8 23. Kg2 e3 24. Re1 Rxf2+ 25. Kh3 Rdd2 26. Kh4
Rxh2+ 27. Kg5 e2 28. Bxe2 Rhxe2 29. Rxe2 Rxe2 30. Kg4 Re3 0-1

[Event "Grand Rapids (MI Am/3/35)"]
[Site "?"]
[Date "1995.??.??"]
[Round "?"]
[White "Nolan, Dan"]
[Black "Grzegorczyk, Ron"]
[Result "0-1"]
[WhiteElo "1605"]
[BlackElo "1605"]
[PlyCount "60"]
[EventDate "1995.??.??"]

{3/(35)} 1. d4 d5 2. c4 c6 3. e3 Nf6 4. Nc3 e6 5. a3 Be7 6. Nf3 O-O 7. Be2 Nbd7
8. O-O a6 9. b3 dxc4 10. bxc4 c5 11. Bb2 Qc7 12. g3 e5 13. d5 Ne8 14. Ne4 Nd6
15. Nxd6 Bxd6 16. e4 Nf6 17. Nd2 Bh3 18. Re1 Qd7 19. Bd3 b5 20. Bf1 b4 21. axb4
cxb4 22. Nb3 Bxf1 23. Kxf1 Qh3+ 24. Ke2 Nxe4 25. Rc1 Qxh2 26. c5 Qxf2+ 27. Kd3
Nxc5+ 28. Nxc5 Qxb2 29. Rc2 Qd4+ 30. Ke2 Bxc5 0-1

[Event "Grand Rapids (MI Am/3/32)"]
[Site "?"]
[Date "1995.??.??"]
[Round "?"]
[White "Nolan, Brian"]
[Black "Rozeboom, D."]
[Result "0-1"]
[WhiteElo "1605"]
[BlackElo "1605"]
[PlyCount "94"]
[EventDate "1995.??.??"]

{3/(32)} 1. d4 d5 2. c4 c6 3. Nc3 Nf6 4. Bg5 e6 5. e3 dxc4 6. Bxc4 h6 7. Bh4
Bb4 8. Nge2 Nbd7 9. O-O Nb6 10. Bd3 Be7 11. a3 Qc7 12. Bg3 Bd6 13. Bxd6 Qxd6
14. b4 O-O 15. Qc2 Ng4 16. Ng3 f5 17. h3 Nxe3 18. fxe3 Qxg3 19. Rf3 Qd6 20.
Raf1 Bd7 21. Qf2 Nd5 22. Nxd5 cxd5 23. Kh1 a6 24. g4 Bb5 25. Bxb5 axb5 26. gxf5
Rxf5 27. Rxf5 exf5 28. Qxf5 Rf8 29. Qd3 Rxf1+ 30. Qxf1 Qe6 31. Qf3 Qf7 32.
Qxf7+ Kxf7 33. Kg2 Kf6 34. Kg3 Kf5 35. Kf3 g5 36. Ke2 Ke4 37. Kf2 h5 38. Ke2 g4
39. h4 g3 40. Kf1 Kxe3 41. Kg2 Kf4 42. Kg1 Kf3 43. Kf1 g2+ 44. Kg1 b6 45. Kh2
Kf2 46. Kh3 g1=Q 47. a4 Qg3# 0-1

[Event "Grand Rapids (MI Am/5/18)"]
[Site "?"]
[Date "1995.??.??"]
[Round "?"]
[White "Nolan, Brian"]
[Black "Grzegorczyk, Ron"]
[Result "1-0"]
[WhiteElo "1605"]
[BlackElo "1605"]
[PlyCount "115"]
[EventDate "1995.??.??"]

{5/(18)} 1. d4 d5 2. c4 c6 3. Nc3 Nf6 4. Bg5 e6 5. e3 Be7 6. Nf3 Nbd7 7. cxd5
exd5 8. Bd3 O-O 9. O-O g6 10. Rc1 Nh5 11. Bxe7 Qxe7 12. Na4 Nhf6 13. a3 Ne4 14.
Bxe4 dxe4 15. Nd2 f5 16. Nc5 Nxc5 17. Rxc5 Be6 18. Nc4 Bxc4 19. Rxc4 Rfd8 20.
Qb3 Rd5 21. Qb4 Qc7 22. Rfc1 Rad8 23. Rc5 R8d6 24. Qb3 Qf7 25. Rxd5 Rxd5 26.
Rc5 Rxc5 27. Qxf7+ Kxf7 28. dxc5 Ke6 29. f3 exf3 30. gxf3 Kd5 31. b4 Kc4 32.
Kf2 Kb3 33. e4 fxe4 34. fxe4 Kc4 35. Ke3 g5 36. Kf3 h5 37. Ke3 b6 38. cxb6 axb6
39. Kf3 Kd4 40. a4 Kc4 41. a5 bxa5 42. bxa5 Kb5 43. e5 c5 44. e6 c4 45. e7 c3
46. e8=Q+ Kxa5 47. Qe4 Kb5 48. Qd4 g4+ 49. Kg3 h4+ 50. Kxg4 c2 51. Qc3 h3 52.
Kf4 Ka4 53. Qxc2+ Ka3 54. Qb1 Ka4 55. Ke4 Ka3 56. Kd3 Ka4 57. Kc4 Ka5 58. Qb5#
1-0

[Event "Grand Rapids (MI Am/1/2)"]
[Site "?"]
[Date "1995.??.??"]
[Round "?"]
[White "Nolan, Brian"]
[Black "Evans Sr., Thomas"]
[Result "0-1"]
[WhiteElo "1605"]
[BlackElo "1945"]
[PlyCount "114"]
[EventDate "1995.??.??"]

{1/(2)} 1. d4 d5 2. c4 dxc4 3. e3 b5 4. a4 Bd7 5. axb5 Bxb5 6. Nc3 Bc6 7. Nf3
e6 8. Bxc4 Nf6 9. O-O Be7 10. Bd2 O-O 11. Ne5 Bb7 12. Qe2 Nfd7 13. Nxd7 Nxd7
14. Bd3 f5 15. Bc4 Rf6 16. d5 Nb6 17. Rfd1 Nxc4 18. Qxc4 exd5 19. Qb3 Rb6 20.
Qc2 Qf8 21. Ra5 Bb4 22. Rb5 Bxc3 23. Rxb6 axb6 24. Bxc3 Qf7 25. Be5 c6 26. h3
Qg6 27. Qb3 b5 28. Bd4 h6 29. Qc2 Kh7 30. Kh2 Rf8 31. Bc5 Rf7 32. Rd4 Qe6 33.
Rf4 g5 34. Rf3 Qe5+ 35. Kg1 Qe4 36. Qxe4 dxe4 37. Rg3 Rd7 38. f4 Kg6 39. fxg5
hxg5 40. Ba3 Rd3 41. Be7 g4 42. Kh2 Kh5 43. Bc5 Rb3 44. Bd4 c5 45. Be5 b4 46.
Bf6 c4 47. Be5 c3 48. bxc3 bxc3 49. Bxc3 Rxc3 50. Kg1 Kh4 51. Kh2 Rc1 52. Rxg4+
fxg4 53. hxg4 Kxg4 54. g3 Rc2+ 55. Kg1 Kxg3 56. Kf1 Bc8 57. Ke1 Bg4 0-1

[Event "Troy (US Am N/5/21)"]
[Site "?"]
[Date "1995.??.??"]
[Round "?"]
[White "Nixon, Peter"]
[Black "Velasquez, A."]
[Result "0-1"]
[WhiteElo "1605"]
[BlackElo "1750"]
[PlyCount "89"]
[EventDate "1995.??.??"]

{5/(21)} 1. e4 c5 2. Nf3 Nc6 3. d4 cxd4 4. Nxd4 g6 5. Bc4 Bg7 6. Nxc6 bxc6 7.
O-O Nf6 8. Nc3 O-O 9. Be3 Bb7 10. Qd2 Qa5 11. Rab1 Rfd8 12. b4 Qc7 13. h3 d5
14. exd5 cxd5 15. Be2 a6 16. f4 Rac8 17. Bd4 Ne4 18. Nxe4 dxe4 19. c3 e5 20.
fxe5 Bxe5 21. Qe3 Bxd4 22. cxd4 Qc3 23. Qxc3 Rxc3 24. Rfd1 Rc2 25. Bf1 Rxa2 26.
b5 axb5 27. Bxb5 e3 28. g4 Bf3 29. Re1 Ra3 30. Be2 Bxe2 31. Rxe2 Rxd4 32. Rbe1
Rdd3 33. Kg2 Rd2 34. Kf3 Rxe2 35. Rxe2 f6 36. Rxe3 Rxe3+ 37. Kxe3 Kf7 38. Ke4
Ke6 39. h4 h6 40. Kf4 Kd5 41. h5 gxh5 42. gxh5 Ke6 43. Ke4 f5+ 44. Kf4 Kf6 45.
Kf3 0-1

[Event "Troy (US Am N/3/18)"]
[Site "?"]
[Date "1995.??.??"]
[Round "?"]
[White "Nixon, Peter"]
[Black "Vandivier, Don"]
[Result "0-1"]
[WhiteElo "1605"]
[BlackElo "1950"]
[PlyCount "38"]
[EventDate "1995.??.??"]

{3/(18)} 1. e4 c5 2. Nf3 d6 3. d4 cxd4 4. Nxd4 Nf6 5. Nc3 a6 6. a4 Nc6 7. Bc4
Qc7 8. f4 Bg4 9. Nf3 Bxf3 10. Qxf3 Nd4 11. Qd3 Nxc2+ 12. Qxc2 Qxc4 13. Be3 Rc8
14. Rd1 e6 15. h3 d5 16. Rd4 Qc6 17. e5 Ne4 18. Bd2 Ng3 19. Rg1 Bc5 0-1

[Event "Troy (US Am N/1/10)"]
[Site "?"]
[Date "1995.??.??"]
[Round "?"]
[White "Nixon, Peter"]
[Black "Skidmore, Mike"]
[Result "0-1"]
[WhiteElo "1605"]
[BlackElo "1975"]
[PlyCount "40"]
[EventDate "1995.??.??"]

{1/(10)} 1. e4 c6 2. d4 d5 3. e5 Bf5 4. Bd3 Bxd3 5. Qxd3 e6 6. Ne2 Nd7 7. O-O
c5 8. c3 cxd4 9. cxd4 Ne7 10. Nbc3 Nc6 11. Be3 Nb6 12. a3 Nc4 13. b4 a6 14. f4
Be7 15. Ng3 O-O 16. f5 Nxe3 17. Qxe3 Bg5 18. Qd3 Qb6 19. Nce2 Nxe5 20. Qd1 Nc4
0-1

[Event "East Lansing (Class C/4/12)"]
[Site "?"]
[Date "1995.??.??"]
[Round "?"]
[White "Nixon, Peter"]
[Black "Rosebrook, G."]
[Result "1/2-1/2"]
[WhiteElo "1605"]
[BlackElo "1605"]
[PlyCount "58"]
[EventDate "1995.??.??"]

{4/(12)} 1. e4 c5 2. Nf3 Nc6 3. d4 cxd4 4. Nxd4 e6 5. Nc3 Bb4 6. Nde2 Nf6 7.
Bg5 O-O 8. a3 Be7 9. Nd4 Re8 10. f4 d6 11. Bb5 Bd7 12. O-O e5 13. fxe5 dxe5 14.
Nxc6 bxc6 15. Bc4 Qb6+ 16. Kh1 Rad8 17. b3 Bg4 18. Qe1 h6 19. Bxf6 Bxf6 20.
Rxf6 gxf6 21. Qg3 h5 22. h3 Qd4 23. hxg4 Qd2 24. gxh5+ Qg5 25. Qxg5+ fxg5 26.
Bd3 Kg7 27. a4 Rh8 28. g4 Rh6 29. Ne2 Kf8 1/2-1/2

[Event "East Lansing (Class C/2/8)"]
[Site "?"]
[Date "1995.??.??"]
[Round "?"]
[White "Nixon, Peter"]
[Black "Mihelich, John"]
[Result "0-1"]
[WhiteElo "1605"]
[BlackElo "1605"]
[PlyCount "52"]
[EventDate "1995.??.??"]

{2/(8)} 1. e4 e5 2. Nf3 Nc6 3. Bb5 d6 4. h3 Bd7 5. O-O a6 6. Ba4 Qc8 7. Kh2 h6
8. d4 Nce7 9. Bxd7+ Qxd7 10. dxe5 Ng6 11. exd6 O-O-O 12. b3 Qe6 13. Nc3 Bxd6+
14. Kh1 Bb4 15. Qe1 Nf6 16. a3 Bxc3 17. Qxc3 Rhe8 18. Re1 Rd7 19. Bb2 Rde7 20.
Nd2 Qd7 21. f3 Re5 22. Rad1 Rh5 23. Kh2 Nf4 24. g4 Rxh3+ 25. Kg1 Nxg4 26. Qxg7
Rg3+ 0-1

[Event "East Lansing (MOR/6/26)"]
[Site "?"]
[Date "1995.??.??"]
[Round "?"]
[White "Nixon, Peter"]
[Black "Martell, Raul"]
[Result "1-0"]
[WhiteElo "1605"]
[BlackElo "1605"]
[PlyCount "99"]
[EventDate "1995.??.??"]

{6/(26)} 1. d4 d5 2. c4 c5 3. dxc5 Qa5+ 4. Nc3 dxc4 5. Qa4+ Qxa4 6. Nxa4 e6 7.
e3 Bd7 8. Nc3 Bxc5 9. Bxc4 a6 10. a4 Nf6 11. Nf3 Nc6 12. O-O O-O 13. b3 Rfd8
14. Rd1 Na5 15. Ne5 Nxc4 16. Nxc4 Bc6 17. Bb2 Nd5 18. Ne5 Nxc3 19. Bxc3 Bd5 20.
b4 Bb6 21. Bd4 Bxd4 22. Rxd4 f6 23. Nc4 e5 24. Rxd5 Rxd5 25. Nb6 Rad8 26. Nxd5
Rxd5 27. Rc1 b5 28. axb5 Rxb5 29. Kf1 Rxb4 30. Rc8+ Kf7 31. Ra8 Rb6 32. Ra7+
Kg6 33. Ke2 h5 34. h4 Kh6 35. Kf3 g5 36. hxg5+ Kxg5 37. Rg7+ Kh6 38. Ra7 Kg6
39. e4 Rb3+ 40. Ke2 Ra3 41. f3 h4 42. Kf2 a5 43. Kg1 a4 44. Kh2 Ra1 45. g3
hxg3+ 46. Kxg3 a3 47. Kf2 a2 48. Ke2 Kg5 49. Rg7+ Kf4 50. Rg4# 1-0

[Event "Gaylord (NMO/1/22)"]
[Site "?"]
[Date "1995.??.??"]
[Round "?"]
[White "Nixon, Peter"]
[Black "LaForge, Tom"]
[Result "0-1"]
[WhiteElo "1605"]
[BlackElo "1960"]
[PlyCount "46"]
[EventDate "1995.??.??"]

{1/(22)} 1. e4 e6 2. d4 d5 3. e5 c5 4. c3 Nc6 5. Nf3 Bd7 6. Be2 f6 7. Bf4 g5 8.
Bg3 f5 9. h3 Nh6 10. O-O Rg8 11. c4 cxd4 12. Nxd4 Qb6 13. Nxc6 Bxc6 14. Qc2 d4
15. Bh5+ Nf7 16. Nd2 Rg7 17. Nb3 O-O-O 18. Rad1 Be4 19. Qc1 f4 20. c5 Qc6 21.
Nxd4 Rxd4 22. Rxd4 fxg3 23. Bxf7 gxf2+ 0-1

[Event "East Lansing (MOR/3/33)"]
[Site "?"]
[Date "1995.??.??"]
[Round "?"]
[White "Nixon, Peter"]
[Black "Feguer, Mike"]
[Result "1-0"]
[WhiteElo "1605"]
[BlackElo "1605"]
[PlyCount "49"]
[EventDate "1995.??.??"]

{3/(33)} 1. e4 e5 2. Nf3 Nc6 3. Bb5 Nf6 4. O-O Nxe4 5. Re1 d5 6. d3 a6 7. Bxc6+
bxc6 8. dxe4 Bc5 9. Nxe5 Qf6 10. Nf3 dxe4 11. Rxe4+ Be6 12. Rf4 Rd8 13. Qe1 Qe7
14. Re4 O-O 15. h3 Bb4 16. c3 Bc5 17. Bg5 Qd6 18. Bxd8 Rxd8 19. Nbd2 Qd3 20.
Rd1 Bxa2 21. Nd4 Bd5 22. Re8+ Rxe8 23. Qxe8+ Bf8 24. Nxc6 Qg6 25. Ne7+ 1-0

[Event "East Lansing (Class C/5/12)"]
[Site "?"]
[Date "1995.??.??"]
[Round "?"]
[White "Nixon, Peter"]
[Black "Alliston, Richard"]
[Result "0-1"]
[WhiteElo "1605"]
[BlackElo "1605"]
[PlyCount "36"]
[EventDate "1995.??.??"]

{5/(12)} 1. e4 e5 2. Nf3 d6 3. h3 Nc6 4. Bb5 Bd7 5. O-O Be7 6. Nc3 Nf6 7. d3
O-O 8. Be3 a6 9. Bc4 Na5 10. Bb3 Nxb3 11. axb3 g6 12. Qd2 Re8 13. Rfe1 Nh5 14.
d4 exd4 15. Bxd4 Ng7 16. Qh6 Ne6 17. Rad1 Nxd4 18. Nxd4 Bg5 0-1

[Event "East Lansing (MOR/6/30)"]
[Site "?"]
[Date "1995.??.??"]
[Round "?"]
[White "Nikitin, Mike"]
[Black "Williams, Claude"]
[Result "1/2-1/2"]
[WhiteElo "1605"]
[BlackElo "1605"]
[PlyCount "49"]
[EventDate "1995.??.??"]

{6/(30)} 1. e4 d5 2. exd5 Nf6 3. Nf3 Bf5 4. Bc4 Nxd5 5. d3 Nc6 6. a3 e5 7. O-O
Nf6 8. Ng5 Bg6 9. Re1 Bd6 10. Nc3 Qd7 11. h4 O-O-O 12. Rb1 h6 13. Nge4 Be7 14.
Nxf6 Bxf6 15. g3 Nd4 16. Bd5 Bf5 17. Bg2 g5 18. Nd5 Bg7 19. hxg5 h5 20. c3 Ne6
21. Qf3 Nc5 22. b4 Nxd3 23. Ne7+ Qxe7 24. Qxb7+ Kd7 25. Qc6+ 1/2-1/2

[Event "Eastpointe (MCO/5/20)"]
[Site "?"]
[Date "1995.??.??"]
[Round "?"]
[White "Nikitin, Mike"]
[Black "Rotberg, Victor"]
[Result "0-1"]
[WhiteElo "1605"]
[BlackElo "1785"]
[PlyCount "66"]
[EventDate "1995.??.??"]

{5/(20)} 1. e4 c5 2. f4 Nc6 3. Nf3 d5 4. Nc3 d4 5. Nb5 a6 6. Na3 b5 7. c4 b4 8.
Nc2 Bg4 9. b3 e5 10. d3 exf4 11. Bxf4 Bd6 12. g3 Ne5 13. Be2 Ng6 14. Bxd6 Qxd6
15. O-O Bh3 16. Rf2 f6 17. Nce1 Nh6 18. Ng2 Ng4 19. Qd2 Nxf2 20. Kxf2 O-O 21.
Ng1 Bd7 22. Rf1 f5 23. exf5 Bxf5 24. Ke1 Rae8 25. Kd1 Ne5 26. Nf4 Ng4 27. Bxg4
Bxg4+ 28. Kc2 g5 29. Ne6 Qxe6 30. Qxg5+ Kh8 31. Rxf8+ Rxf8 32. Qxc5 Rf2+ 33.
Kc1 Qe1# 0-1

[Event "East Lansing (MOR/4/24)"]
[Site "?"]
[Date "1995.??.??"]
[Round "?"]
[White "Nikitin, Mike"]
[Black "Post, Robert"]
[Result "0-1"]
[WhiteElo "1605"]
[BlackElo "1750"]
[PlyCount "52"]
[EventDate "1995.??.??"]

{4/(24)} 1. e4 g6 2. d4 Bg7 3. f4 d6 4. Nf3 Bg4 5. Be2 Nf6 6. Nc3 O-O 7. Be3
Nc6 8. h3 Bxf3 9. Bxf3 Nd7 10. Qd2 e5 11. d5 exf4 12. Bxf4 Nce5 13. O-O-O Rb8
14. Be2 a6 15. h4 h5 16. Rdg1 b5 17. g4 hxg4 18. b3 f5 19. h5 b4 20. Na4 Qf6
21. Bg5 Nd3+ 22. cxd3 Qa1+ 23. Kc2 Qxa2+ 24. Kc1 Qxb3 25. Bd1 Qa3+ 26. Kb1 Qa1+
0-1

[Event "Eastpointe (MCO/3/16)"]
[Site "?"]
[Date "1995.??.??"]
[Round "?"]
[White "Nikitin, Mike"]
[Black "Hater, David"]
[Result "0-1"]
[WhiteElo "1605"]
[BlackElo "1900"]
[PlyCount "86"]
[EventDate "1995.??.??"]

{3/(16)} 1. e4 e5 2. Nf3 Nc6 3. Bb5 a6 4. Ba4 Nf6 5. O-O Nxe4 6. Re1 Nc5 7.
Bxc6 dxc6 8. Nxe5 Be7 9. d4 Ne6 10. Qf3 O-O 11. c3 Qd5 12. Be3 f6 13. Qxd5 cxd5
14. Nf3 Bd6 15. Nbd2 Nf4 16. Bxf4 Bxf4 17. Re2 Bg4 18. Re7 Rfe8 19. Rae1 Rxe7
20. Rxe7 Kf8 21. Re1 Re8 22. Rxe8+ Kxe8 23. h3 Bxf3 24. Nxf3 Bc1 25. b3 b5 26.
Kf1 Bb2 27. c4 dxc4 28. bxc4 bxc4 29. Ke2 Kd7 30. Kd2 Kd6 31. Kc2 Ba1 32. Kb1
Bc3 33. Kc2 Ba5 34. Ng1 Kd5 35. Ne2 g5 36. f3 f5 37. g4 f4 38. Kb2 Be1 39. Kc2
h6 40. Kb2 Bf2 41. Kc3 Be3 42. a3 Bf2 43. a4 a5 0-1

[Event "East Lansing (MOR/2/9)"]
[Site "?"]
[Date "1995.??.??"]
[Round "?"]
[White "Nikitin, Mike"]
[Black "Foote, Greg"]
[Result "0-1"]
[WhiteElo "1605"]
[BlackElo "1730"]
[PlyCount "94"]
[EventDate "1995.??.??"]

{2/(9)} 1. e4 c5 2. Nf3 e6 3. d4 cxd4 4. Nxd4 Nc6 5. Nb3 Nf6 6. Nc3 Bb4 7. Bd3
d5 8. O-O Bxc3 9. bxc3 dxe4 10. Bb5 Qxd1 11. Rxd1 O-O 12. Ba3 Re8 13. Nd4 Bd7
14. Nxc6 Bxc6 15. Bxc6 bxc6 16. Rab1 Rab8 17. Bd6 Rb5 18. c4 Ra5 19. a3 Ra4 20.
Kf1 Rxc4 21. Rb7 Rxc2 22. Rdb1 h5 23. h3 Rd8 24. Bf4 Nd5 25. Rb8 Rxb8 26. Bxb8
Nc3 27. Ra1 a6 28. a4 Rb2 29. Be5 Rb1+ 30. Rxb1 Nxb1 31. Ke2 Na3 32. Bd4 Nc4
33. Bc3 Kf8 34. g3 Ke8 35. Bxg7 f5 36. Bd4 Ke7 37. Bc5+ Kf6 38. f4 exf3+ 39.
Kd3 Nb2+ 40. Kc2 Nxa4 41. Bf2 c5 42. Kb3 Nb6 43. Bxc5 Nd5 44. Kc2 e5 45. Kd2 e4
46. Bd4+ Kg5 47. Be5 h4 0-1

[Event "Eastpointe (MCO/2/32)"]
[Site "?"]
[Date "1995.??.??"]
[Round "?"]
[White "Nikitin, Mike"]
[Black "Floyd, J."]
[Result "1-0"]
[WhiteElo "1605"]
[BlackElo "1605"]
[PlyCount "49"]
[EventDate "1995.??.??"]

{2/(32)} 1. e4 e5 2. Nf3 Nc6 3. Bb5 Nf6 4. O-O Nxe4 5. Re1 Nf6 6. Bxc6 dxc6 7.
Nxe5 Be7 8. d3 O-O 9. Nc3 Bd7 10. Qf3 Bd6 11. h3 Bxe5 12. Rxe5 Re8 13. Bf4 Be6
14. Qg3 g6 15. Bg5 Bf5 16. Rxe8+ Qxe8 17. Bxf6 Qe6 18. Qe5 Qd7 19. Bh8 Kf8 20.
Qg7+ Ke7 21. Re1+ Be6 22. Qxh7 Re8 23. Qh4+ Kf8 24. Bf6 Bxh3 25. Qh8# 1-0

[Event "East Lansing (MOR/5/48)"]
[Site "?"]
[Date "1995.??.??"]
[Round "?"]
[White "Nikitin, Matt"]
[Black "Zydeck, B."]
[Result "1/2-1/2"]
[WhiteElo "1605"]
[BlackElo "1605"]
[PlyCount "56"]
[EventDate "1995.??.??"]

{5/(48)} 1. e4 e5 2. Nf3 Nc6 3. Nc3 Nf6 4. Bb5 Bb4 5. Bxc6 dxc6 6. Nxe5 O-O 7.
d3 Re8 8. d4 Re7 9. O-O Rd7 10. Nxd7 Bxd7 11. Bg5 b6 12. a3 Ba5 13. b4 Bg4 14.
f3 Bh5 15. bxa5 bxa5 16. Bxf6 gxf6 17. d5 cxd5 18. Nxd5 Rb8 19. Nxf6+ Qxf6 20.
Rb1 Rd8 21. e5 Qe7 22. Qe2 Bg6 23. Rfd1 Rd7 24. Rxd7 Qxd7 25. Rd1 Qe8 26. Rd2
Kg7 27. Qd1 Qe7 28. Rd7 Qe8 1/2-1/2

[Event "East Lansing (MOR/2/50)"]
[Site "?"]
[Date "1995.??.??"]
[Round "?"]
[White "Nikitin, Matt"]
[Black "Vangilder, W."]
[Result "0-1"]
[WhiteElo "1605"]
[BlackElo "1605"]
[PlyCount "82"]
[EventDate "1995.??.??"]

{2/(50)} 1. e4 Nc6 2. Nc3 Nf6 3. Nf3 d6 4. d4 Bg4 5. Bb5 a6 6. Bxc6+ bxc6 7.
O-O e6 8. e5 Nd7 9. Bf4 d5 10. Qd3 c5 11. dxc5 Bxc5 12. Bg5 Be7 13. Bxe7 Qxe7
14. h3 Bxf3 15. Qxf3 Nxe5 16. Qf4 Nc4 17. Rab1 O-O 18. h4 Rab8 19. Qg5 Qxg5 20.
hxg5 Nd2 21. Rfd1 Nxb1 22. Nxb1 Rxb2 23. a4 Rfb8 24. Nc3 c5 25. a5 d4 26. Ne4
Rb1 27. Rxb1 Rxb1+ 28. Kh2 c4 29. Nd2 Rc1 30. Nxc4 Rxc2 31. Ne5 Rxf2 32. Kg3
Rf5 33. Nf3 Rxa5 34. Nxd4 Rxg5+ 35. Kh3 a5 36. g3 a4 37. Kh4 Ra5 38. g4 a3 39.
Nc2 a2 40. g5 a1=Q 41. Nxa1 Rxa1 0-1

[Event "Eastpointe (MCO/3/29)"]
[Site "?"]
[Date "1995.??.??"]
[Round "?"]
[White "Nikitin, Matt"]
[Black "Marinelli, Philip"]
[Result "0-1"]
[WhiteElo "1605"]
[BlackElo "1685"]
[PlyCount "74"]
[EventDate "1995.??.??"]

{3/(29)} 1. e4 g6 2. d4 Bg7 3. Nf3 d6 4. Nc3 Nh6 5. e5 O-O 6. exd6 exd6 7. Bxh6
Bxh6 8. Bc4 Re8+ 9. Be2 Nc6 10. O-O Bf5 11. Bb5 a6 12. Bxc6 bxc6 13. Re1 Rxe1+
14. Qxe1 Bxc2 15. Rc1 Bxc1 16. Qxc1 Bf5 17. Qh6 Qf8 18. Qxf8+ Kxf8 19. Ng5 Re8
20. h3 Re1+ 21. Kh2 h6 22. Nh7+ Kg7 23. g4 Bc8 24. d5 c5 25. g5 Kxh7 26. gxh6
Kxh6 27. a3 Rc1 28. Ne4 Bb7 29. Nf6 Kg5 30. Ne8 Bxd5 31. Nxc7 Rh1+ 32. Kg3 Bb7
33. h4+ Rxh4 34. Ne8 Rg4+ 35. Kh2 Kf4 36. Kh3 g5 37. Nxd6 Rh4# 0-1

[Event "East Lansing (MOR/4/48)"]
[Site "?"]
[Date "1995.??.??"]
[Round "?"]
[White "Nikitin, Matt"]
[Black "Hogarth, Frank"]
[Result "0-1"]
[WhiteElo "1605"]
[BlackElo "1605"]
[PlyCount "66"]
[EventDate "1995.??.??"]

{4/(48)} 1. e4 e5 2. Nf3 Nc6 3. Nc3 Nf6 4. Bb5 Na5 5. O-O Bd6 6. Nd5 c6 7.
Nxf6+ gxf6 8. Ba4 b6 9. d3 b5 10. Bb3 Nxb3 11. cxb3 Bf8 12. Be3 Bg7 13. d4 O-O
14. dxe5 fxe5 15. Bg5 Bf6 16. Bxf6 Qxf6 17. Rc1 Kh8 18. Rc2 Rg8 19. Rd2 d5 20.
exd5 Bh3 21. Ne1 Qg6 22. Qf3 Rae8 23. d6 Bg4 24. Qd3 Bf5 25. Qe3 e4 26. Qd4+ f6
27. Qe3 Rg7 28. d7 Bxd7 29. Re2 Re5 30. Qxa7 Bh3 31. Qb8+ Re8 32. Qf4 Bxg2 33.
Nxg2 Qxg2# 0-1

[Event "Eastpointe (MCO/4/34)"]
[Site "?"]
[Date "1995.??.??"]
[Round "?"]
[White "Nikitin, Matt"]
[Black "Haygood, Norman"]
[Result "0-1"]
[WhiteElo "1605"]
[BlackElo "1605"]
[PlyCount "96"]
[EventDate "1995.??.??"]

{4/(34)} 1. e4 c6 2. d4 d5 3. exd5 cxd5 4. Nf3 Bg4 5. Bf4 Nf6 6. Bxb8 Rxb8 7.
Bb5+ Bd7 8. Bxd7+ Qxd7 9. O-O e6 10. Nc3 Bd6 11. Qd3 a6 12. Rae1 O-O 13. Ng5 h6
14. Nf3 Qc7 15. Ne5 Bxe5 16. dxe5 Nd7 17. Qd4 Rbc8 18. Re3 Nb6 19. Ne2 Qc5 20.
Qg4 Qe7 21. Rg3 f5 22. Qg6 Kh8 23. Nf4 Rc6 24. Nh5 Rc7 25. Re1 Nc4 26. b3 Nd2
27. Ree3 Ne4 28. Rh3 Rxc2 29. g3 Nxf2 30. Rf3 Nxh3+ 31. Kh1 Qf7 32. Qxf7 Rxf7
33. Nf4 Nxf4 34. gxf4 Rfc7 35. Kg1 Rxa2 36. Rf2 Rcc2 37. Rxc2 Rxc2 38. h4 d4
39. Kf1 d3 40. Ke1 Kg8 41. Kd1 Kf8 42. b4 b6 43. h5 a5 44. bxa5 bxa5 45. Ke1 a4
46. Kd1 a3 47. Ke1 a2 48. Kd1 a1=Q# 0-1

[Event "East Lansing (Class B/4/5)"]
[Site "?"]
[Date "1995.??.??"]
[Round "?"]
[White "Nicolli, Randy"]
[Black "Turkalo, A."]
[Result "1-0"]
[WhiteElo "1745"]
[BlackElo "1695"]
[PlyCount "67"]
[EventDate "1995.??.??"]

{4/(5)} 1. f4 c5 2. Nf3 g6 3. e3 Bg7 4. c3 Nc6 5. d4 b6 6. d5 Nb8 7. Bd3 d6 8.
O-O Nf6 9. e4 e6 10. dxe6 fxe6 11. e5 dxe5 12. Nxe5 O-O 13. Qe2 Qe7 14. Nd2 Bb7
15. Ndf3 Nbd7 16. Bd2 Nd5 17. Nxd7 Qxd7 18. Ng5 Rae8 19. Bc2 e5 20. fxe5 Rxf1+
21. Rxf1 Rxe5 22. Qf2 Nf6 23. Bb3+ Bd5 24. Bf4 Re7 25. Rd1 Qb7 26. Bxd5+ Nxd5
27. c4 Bd4 28. Rxd4 cxd4 29. Bd6 Re8 30. cxd5 Qxd5 31. Qf4 d3 32. Bb4 a5 33.
Bc3 Re2 34. Qb8+ 1-0

[Event "East Lansing (MOR/4/10)"]
[Site "?"]
[Date "1995.??.??"]
[Round "?"]
[White "Nicolli, Randy"]
[Black "Scales, H."]
[Result "1-0"]
[WhiteElo "1755"]
[BlackElo "1605"]
[PlyCount "67"]
[EventDate "1995.??.??"]

{4/(10)} 1. f4 d5 2. b3 Nc6 3. e3 Bf5 4. Bb5 Bd7 5. Bxc6 Bxc6 6. Nf3 e6 7. Bb2
Nf6 8. O-O Bd6 9. d3 Qe7 10. Nbd2 O-O-O 11. Ne5 Be8 12. c4 h5 13. Rc1 dxc4 14.
Ndxc4 Nd5 15. Nxd6+ Rxd6 16. Nc4 Rd8 17. Qe1 Nf6 18. Bd4 c5 19. Bxc5 Qd7 20.
Ne5 Qb5 21. Bxa7+ Bc6 22. Nxf7 Ng4 23. Nxd8 Rxd8 24. Bd4 Qxd3 25. Qd1 Qe4 26.
Qf3 Qd3 27. Rxc6+ Kb8 28. Rxe6 Rc8 29. Re7 Qb5 30. f5 Rf8 31. Qf4+ Ka8 32. Qc7
g6 33. Rc1 Rb8 34. Rc5 1-0